00315pab a2200121 454500008004000000100002100040245005500061260000900116300001400125362000800139650001800147773002800165180718b2001 xxu||||| |||| 00| 0 eng d aKozlarek, Oliver aCritical theory and the challenge of globalization c2001 ap.607-22. aDEC aGlobalization aInternational Sociology